| 000 | 00585nam a2200205 a 4500 | ||
|---|---|---|---|
| 001 | BRCA_2714 | ||
| 005 | 20190320203933.0 | ||
| 008 | 031208s1952----gw-a---###---#000-0#ger-u | ||
| 050 | 4 |
_aSB413 _b.M86 1952 |
|
| 100 | 1 |
_aMünz, Emil _97675 |
|
| 245 | 1 | 0 |
_aEdelnelken _bihre Entwicklung, Kultur und Zuchtung _cvon Emil Münz und Franz Schupp. |
| 260 |
_aBerlin _bPaul Parey _c1952 |
||
| 300 |
_a122 p. _bil. _c22 cm. |
||
| 500 | _aAA56 | ||
| 504 | _aIncluye referencias bibliográficas. | ||
| 650 | 1 | 4 |
_aClaveles _97676 |
| 700 | 1 |
_aSchupp, Franz _97677 |
|
| 902 | _aGFM | ||
| 942 |
_2lcc _cB |
||
| 999 |
_c2454 _d2454 |
||